000 00258nam a2200109Ia 4500
008 220204s9999 xx 000 0 und d
082 _a347.99
_bKRI
245 0 _aOur courts on trial
260 _aDelhi
_bB R
_c1987
700 _aKrishna Iyer, V R
942 _cBK
999 _c39685
_d39685